| 000 | 01473nam a22003737a 4500 | ||
|---|---|---|---|
| 003 | PE-LiUPU | ||
| 005 | 20250731173558.0 | ||
| 008 | 230705b |||||||| |||| 00| 0 eng d | ||
| 020 | _a9780816322701 | ||
| 040 |
_aPE-LiUPU _bspa _cPE-LiUPU _dPE-LiUPU _erda |
||
| 082 |
_223 _a253 _bT966e |
||
| 100 |
_aTutsch, Cindy. _91489 _d1947- _eautor |
||
| 245 | 1 | 0 |
_aEllen White on Leadership : _bGuidance for those who influence others / _cCindy Tutsch. |
| 264 |
_aNampa, Idaho : _bPacific Press Publishing Association, _c2008. |
||
| 300 |
_a159 páginas : _c23 centímetros. |
||
| 504 | _aReferencias al final de cada capítulo. | ||
| 505 | _aEllen White's ministry and counsels on leadership -- Are Ellen White and John Maxwell on the same page? -- Lord, I want to know you more! -- Who's the bosss, anyway? -- How Do I actually carry out the empowerment thing? -- Grappling with today's thorny leadership issues -- Summing it up: what you can do where you are. | ||
| 526 | _aSEG42 | ||
| 526 | _aSEG41 | ||
| 526 | _aSEG40 | ||
| 526 | _aSEG39 | ||
| 526 | _aP94 | ||
| 526 | _aP87 | ||
| 526 | _aP86 | ||
| 526 | _aP85 | ||
| 526 | _aP77 | ||
| 526 | _aP76 | ||
| 526 | _aP35 | ||
| 650 | 0 |
_aLiderazgo cristiano _91484 |
|
| 650 | 0 |
_aIglesia _xLiderazgo _91486 |
|
| 942 |
_2ddc _cBK _n0 |
||
| 980 |
_621515 _aDIGNA BRAÑES Analista Documental _81 _gALBERTO SANCHEZ Responsable de Automatización |
||
| 999 |
_c61895 _d61895 |
||